NBA Central Division Champions - Statistics

General Stats
  • This quiz has been taken 33 times
    14 since last reset
  • The average score is 42 of 54
Answer Stats
Year Team % Correct
2012 Chicago Bulls
100%
2011 Chicago Bulls
100%
1998 Chicago Bulls
100%
1997 Chicago Bulls
100%
1996 Chicago Bulls
100%
1993 Chicago Bulls
100%
1992 Chicago Bulls
100%
1991 Chicago Bulls
100%
2018 Cleveland Cavaliers
100%
2017 Cleveland Cavaliers
100%
2016 Cleveland Cavaliers
100%
2015 Cleveland Cavaliers
100%
2010 Cleveland Cavaliers
100%
2009 Cleveland Cavaliers
100%
2008 Detroit Pisotns
100%
2007 Detroit Pisotns
100%
2006 Detroit Pisotns
100%
2005 Detroit Pisotns
100%
2003 Detroit Pisotns
100%
2002 Detroit Pisotns
100%
1990 Detroit Pisotns
100%
1989 Detroit Pisotns
100%
1988 Detroit Pisotns
100%
2014 Indiana Pacers
100%
2013 Indiana Pacers
100%
2004 Indiana Pacers
100%
2000 Indiana Pacers
100%
1999 Indiana Pacers
100%
1995 Indiana Pacers
100%
2024 Milwaukee Bucks
100%
2023 Milwaukee Bucks
100%
2022 Milwaukee Bucks
100%
2021 Milwaukee Bucks
100%
2020 Milwaukee Bucks
100%
2019 Milwaukee Bucks
100%
2001 Milwaukee Bucks
100%
1994 Atlanta Hawks
55%
1987 Atlanta Hawks
45%
1980 Atlanta Hawks
45%
1986 Milwaukee Bucks
45%
1985 Milwaukee Bucks
45%
1984 Milwaukee Bucks
45%
1983 Milwaukee Bucks
45%
1982 Milwaukee Bucks
45%
1981 Milwaukee Bucks
45%
1976 Cleveland Cavaliers
36%
1977 Housten Rockets
27%
1979 San Antonio Spurs
27%
1978 San Antonio Spurs
27%
1973 Baltimore Bullets
18%
1972 Baltimore Bullets
18%
1971 Baltimore Bullets
18%
1974 Capital Bullets
18%
1975 Washington Bullets
18%
No matching quizzes found
Score Distribution
Percent of People with Each Score
Percentile by Number Answered
Your Score History
You have not taken this quiz since the last reset